<?xml version="1.0" encoding="UTF-8"?>
<record
    xmlns:xsi="http://www.w3.org/2001/XMLSchema-instance"
    xsi:schemaLocation="http://www.loc.gov/MARC21/slim http://www.loc.gov/standards/marcxml/schema/MARC21slim.xsd"
    xmlns="http://www.loc.gov/MARC21/slim">

  <leader>02027amm a2200313 i 4500</leader>
  <controlfield tag="001">768714001</controlfield>
  <controlfield tag="003">CO-MdFUSB</controlfield>
  <controlfield tag="005">20250731102839.0</controlfield>
  <controlfield tag="007">cr aa aaaaa</controlfield>
  <controlfield tag="008">240409t2013    ck ||||| ||||       spa d</controlfield>
  <datafield tag="040" ind1=" " ind2=" ">
    <subfield code="c">CO-MdFUSB</subfield>
  </datafield>
  <datafield tag="100" ind1="1" ind2=" ">
    <subfield code="a">Ladino Soto, Jos&#xE9; Heriberto</subfield>
    <subfield code="e">autor</subfield>
  </datafield>
  <datafield tag="245" ind1="1" ind2="0">
    <subfield code="a">Utilidad social de la teolog&#xED;a evang&#xE9;lica sobre el matrimonio</subfield>
    <subfield code="c">/ Jos&#xE9; Heriberto Ladino Soto ; asesorado por Fernando Abilio Mosquera Brand</subfield>
    <subfield code="h">[electr&#xF3;nico]</subfield>
  </datafield>
  <datafield tag="264" ind1=" " ind2="0">
    <subfield code="a">Medell&#xED;n, Colombia : </subfield>
    <subfield code="b">FUSBC, </subfield>
    <subfield code="c">[2013]</subfield>
  </datafield>
  <datafield tag="300" ind1=" " ind2=" ">
    <subfield code="a">70 p&#xE1;ginas</subfield>
  </datafield>
  <datafield tag="336" ind1=" " ind2=" ">
    <subfield code="2">rdacontent</subfield>
    <subfield code="a">texto</subfield>
    <subfield code="b">txt</subfield>
  </datafield>
  <datafield tag="337" ind1=" " ind2=" ">
    <subfield code="2">rdamedia</subfield>
    <subfield code="a">inform&#xE1;tico</subfield>
    <subfield code="b">n</subfield>
  </datafield>
  <datafield tag="338" ind1=" " ind2=" ">
    <subfield code="2">rdacarrier</subfield>
    <subfield code="a">remoto</subfield>
    <subfield code="b">cr</subfield>
  </datafield>
  <datafield tag="502" ind1=" " ind2=" ">
    <subfield code="a">Trabajo de grado
</subfield>
    <subfield code="b">Teolog&#xED;a &#x2013;
</subfield>
    <subfield code="c">Fundaci&#xF3;n Universitaria Seminario B&#xED;blico de Colombia,
</subfield>
    <subfield code="d">2012</subfield>
  </datafield>
  <datafield tag="505" ind1=" " ind2=" ">
    <subfield code="a">Qu&#xE9; significa var&#xF3;n y hembra los cre&#xF3; -- El ser humano como persona en relaci&#xF3;n -- La exclusividad hacia el otro sexo en el matrimonio y su finalidad -- La exclusividad esencial del matrimonio en nuestro C&#xF3;digo Civil -- El matrimonio como instituci&#xF3;n -- Razones de la exclusividad en el matrimonio en entes internacionales -- Opositores a la heterosexualidad -- Principios B&#xED;blicos del Matrimonio -- El Matrimonio como misi&#xF3;n y como ministerio</subfield>
  </datafield>
  <datafield tag="520" ind1=" " ind2=" ">
    <subfield code="a">Desde esta perspectiva, el matrimonio ha sido y ser&#xE1; el dise&#xF1;o de Dios. En la actualidad se viene presentando una transformaci&#xF3;n en la sociedad en todos los niveles econ&#xF3;micos y en las esferas sociales que afecta directamente la concepci&#xF3;n de familia, la cual es considerada como fuente de valores y fundamento esencial de la sociedad. El matrimonio no es simplemente un contrato social entre un hombre y una mujer, es una parte de la creaci&#xF3;n divina ordenada por Dios.</subfield>
  </datafield>
  <datafield tag="535" ind1=" " ind2=" ">
    <subfield code="a">Recurso en REPCI</subfield>
  </datafield>
  <datafield tag="650" ind1="1" ind2="7">
    <subfield code="a">Matrimonio</subfield>
    <subfield code="9">300</subfield>
  </datafield>
  <datafield tag="653" ind1=" " ind2=" ">
    <subfield code="a">Relaciones de pareja</subfield>
  </datafield>
  <datafield tag="653" ind1=" " ind2=" ">
    <subfield code="a">Conducta sexual</subfield>
  </datafield>
  <datafield tag="700" ind1=" " ind2=" ">
    <subfield code="a">Mosquera Brand, Fernando Abilio,</subfield>
    <subfield code="9">850</subfield>
    <subfield code="e">asesor</subfield>
  </datafield>
  <datafield tag="856" ind1=" " ind2=" ">
    <subfield code="a">REPCI</subfield>
    <subfield code="u">https://repositorio.repci.co/handle/123456789/683</subfield>
  </datafield>
  <datafield tag="942" ind1=" " ind2=" ">
    <subfield code="c">TG</subfield>
  </datafield>
  <datafield tag="952" ind1=" " ind2=" ">
    <subfield code="0">0</subfield>
    <subfield code="1">0</subfield>
    <subfield code="2">ddc</subfield>
    <subfield code="4">0</subfield>
    <subfield code="7">0</subfield>
    <subfield code="8">TG</subfield>
    <subfield code="a">FUSBC</subfield>
    <subfield code="b">FUSBC</subfield>
    <subfield code="c">RE</subfield>
    <subfield code="d">2024-04-09</subfield>
    <subfield code="l">0</subfield>
    <subfield code="o">T CD0041</subfield>
    <subfield code="p">18015</subfield>
    <subfield code="r">2019-12-12 00:00:00</subfield>
    <subfield code="t">Ej. 1</subfield>
    <subfield code="u">https://repositorio.repci.co/handle/123456789/683</subfield>
    <subfield code="w">2016-01-26</subfield>
    <subfield code="y">TG</subfield>
    <subfield code="z">RECURSO EN REPCI- Seguir el link de acceso</subfield>
    <subfield code="A">20</subfield>
    <subfield code="B">0</subfield>
  </datafield>
  <datafield tag="999" ind1=" " ind2=" ">
    <subfield code="c">44528</subfield>
    <subfield code="d">44528</subfield>
  </datafield>
</record>
